| 000 | 00679nam a2200193Ii 4500 | ||
|---|---|---|---|
| 003 | JO-AjNU | ||
| 008 | 230605s9999||||xx |||||||||||||| ||und|| | ||
| 040 |
_aJO-AjNU _bara _erda _cJO-AjNU |
||
| 041 | _aara | ||
| 050 | 1 | 4 | _aPJ7538.A44 |
| 100 | 3 |
_aالعلي، عدنان عبيد؛ تحقيق سامر محي الدين, _eauthor _99758 |
|
| 245 | 0 | 0 | _aالأدب العربي بين الدلالة والتاريخ |
| 264 | 3 | 1 | _aد.م: د.ن، د.ت |
| 300 | _a118ص | ||
| 336 |
_atext _btxt _2rdacontent |
||
| 337 |
_aunmediated _bn _2rdamedia |
||
| 338 |
_avolume _bnc _2rdacarrier |
||
| 650 | 4 |
_aالادب العربي - تاريخ ونقد - العصر الجاهلي _99759 |
|
| 999 |
_aA1463 _c5031 _d5031 |
||